Principles and Practice of Education: (Record no. 3729)

MARC details
000 -LEADER
fixed length control field 00610nam a22002177a 4500
003 - CONTROL NUMBER IDENTIFIER
control field OSt
005 - DATE AND TIME OF LATEST TRANSACTION
control field 20160425141815.0
008 - FIXED-LENGTH DATA ELEMENTS--GENERAL INFORMATION
fixed length control field 160425b xxu||||| |||| 00| 0 eng d
015 ## - NATIONAL BIBLIOGRAPHY NUMBER
Source http://koha.must.ac.ug:8080/cgi-bin/koha/cataloguing/addbiblio.pl?frameworkcode=BKS#
020 ## - INTERNATIONAL STANDARD BOOK NUMBER
International Standard Book Number 0582607728
040 ## - CATALOGING SOURCE
Transcribing agency DDC.
082 ## - DEWEY DECIMAL CLASSIFICATION NUMBER
Classification number 370FAR 2002.
100 ## - MAIN ENTRY--PERSONAL NAME
Personal name Farrant,J.S;
9 (RLIN) 8237
245 ## - TITLE STATEMENT
Title Principles and Practice of Education:
250 ## - EDITION STATEMENT
Edition statement New Ed.
260 ## - PUBLICATION, DISTRIBUTION, ETC. (IMPRINT)
Place of publication, distribution, etc. Uk,
Name of publisher, distributor, etc. Longman.
Date of publication, distribution, etc. 2002.
300 ## - PHYSICAL DESCRIPTION
Extent xii,386p;
Other physical details ill;
Dimensions 28cm.
504 ## - BIBLIOGRAPHY, ETC. NOTE
Bibliography, etc includes index.
650 ## - SUBJECT ADDED ENTRY--TOPICAL TERM
Topical term or geographic name as entry element Education.
9 (RLIN) 1404
942 ## - ADDED ENTRY ELEMENTS (KOHA)
Source of classification or shelving scheme Dewey Decimal Classification
Koha item type Short Loan
Holdings
Withdrawn status Lost status Source of classification or shelving scheme Damaged status Not for loan Home library Current library Date acquired Source of acquisition Inventory number Total Checkouts Full call number Barcode Date last seen Koha item type
    Dewey Decimal Classification     MUST Main Library MUST Main Library 25/04/2016 Purchase 04/21085   370 FAR 2002. 2016-1252 25/04/2016 Short Loan
    Dewey Decimal Classification     MUST Main Library MUST Main Library 25/04/2016 Purchase 04/21084   370 FAR 2002. 2016-1253 25/04/2016 Short Loan
    Dewey Decimal Classification     MUST Main Library MUST Main Library 25/04/2016 Purchase 03/19773   370 FAR 2002. 2016-1254 25/04/2016 Short Loan
    Dewey Decimal Classification     MUST Main Library MUST Main Library 25/04/2016 Purchase 04/21082   370 FAR 2002. 2016-1255 25/04/2016 Short Loan
    Dewey Decimal Classification     MUST Main Library MUST Main Library 13/12/2023 Purchase 03/19774   370 FAR 2002. 2023-0732 13/12/2023 Open Shelf